000 00350nam a2200145Ia 4500
008 230917s9999||||xx |||||||||||||| ||und||
040 _e84131
_aMAIN
041 _aEnglish
082 _a370.15 S64S
100 _aSinha, H S
245 0 _aShiksha manovighan
260 _aNew Delhi
_bAtlantic Publishers
_c1996
300 _avii, 545 p.
942 _cBK
999 _c97733
_d97733